[Event "Dortmund Sparkassen op-B"]
[Site "Dortmund"]
[Date "2008.07.03"]
[Round "6"]
[White "Meyer, Leon"]
[Black "Eckert, Marius"]
[Result "1/2-1/2"]
[WhiteElo "1406"]
[BlackElo "1577"]
[PlyCount "101"]
[EventDate "2008.06.30"]
[EventType "swiss"]
[EventRounds "9"]
[EventCountry "GER"]
[SourceTitle "EXT 2022"]
[Source "ChessBase"]
[SourceDate "2021.10.06"]
[SourceVersion "1"]
[SourceVersionDate "2021.10.06"]
[SourceQuality "1"]

1. d4 d5 2. c4 e6 3. Nc3 Nf6 4. Bg5 Bb4 5. Qc2 dxc4 6. e3 a6 7. Bxc4 b5 8. Bd3 h6 9. Bh4 Bb7 10. Nf3 Nc6 11. 0-0 g5 12. Bg3 Ne7 13. Ne4 Nfd5 14. Be5 Rg8 15. Nf6+ Nxf6 16. Bxf6 Bxf3 17. gxf3 g4 18. Bh7 Rf8 19. Bg7 gxf3 20. Bxf8 Qd5 21. Bxh6 Bd6 22. Bf4 Bxf4 23. exf4 Qh5 24. Kh1 0-0-0 25. Rac1 Nd5 26. Rg1 Rh8 27. Rg8+ Rxg8 28. Bxg8 Qh3 29. Rg1 Nf6 30. Qc1 Ng4 31. Rxg4 Qxg4 32. Qg1 Qxf4 33. b3 Kb7 34. h3 Qxd4 35. Qg3 Qa1+ 36. Kh2 Qf6 37. Bh7 Kb6 38. Be4 Qb2 39. Qxf3 Qxa2 40. Qe3+ Ka5 41. Qc3+ Kb6 42. Qc6+ Ka5 43. Qxc7+ Kb4 44. Qg3 Qd2 45. h4 a5 46. Bd3 a4 47. Qd6+ Kc3 48. Qc5+ Kxd3 49. Qxb5+ Kc2 50. Qxa4 Qxf2+ 51. Kh3 1/2-1/2

[Event "Dortmund Sparkassen op-B"]
[Site "Dortmund"]
[Date "2008.07.03"]
[Round "5"]
[White "Raschkowski, Alexander"]
[Black "Meyer, Leon"]
[Result "1/2-1/2"]
[WhiteElo "1619"]
[BlackElo "1406"]
[PlyCount "46"]
[EventDate "2008.06.30"]
[EventType "swiss"]
[EventRounds "9"]
[EventCountry "GER"]
[SourceTitle "EXT 2022"]
[Source "ChessBase"]
[SourceDate "2021.10.06"]
[SourceVersion "1"]
[SourceVersionDate "2021.10.06"]
[SourceQuality "1"]

1. e4 e6 2. Nc3 d5 3. exd5 exd5 4. d4 Nf6 5. Nf3 c6 6. Bd3 Bd6 7. 0-0 0-0 8. Bg5 Bg4 9. h3 Bh5 10. Rb1 h6 11. Bh4 Nbd7 12. Bf5 Qc7 13. Bxf6 Nxf6 14. Bd3 Bh2+ 15. Kh1 Bxf3 16. Qxf3 Qf4 17. Qxf4 Bxf4 18. g3 Bd6 19. b4 b6 20. Rfe1 Rfe8 21. a3 Rab8 22. Kg2 b5 23. Rxe8+ Nxe8 1/2-1/2

[Event "Dortmund Sparkassen op-B"]
[Site "Dortmund"]
[Date "2008.07.02"]
[Round "4"]
[White "Meyer, Leon"]
[Black "Nadrowski, Joseph"]
[Result "1-0"]
[WhiteElo "1406"]
[BlackElo "1723"]
[PlyCount "49"]
[EventDate "2008.06.30"]
[EventType "swiss"]
[EventRounds "9"]
[EventCountry "GER"]
[SourceTitle "EXT 2022"]
[Source "ChessBase"]
[SourceDate "2021.10.06"]
[SourceVersion "1"]
[SourceVersionDate "2021.10.06"]
[SourceQuality "1"]

1. d4 d5 2. c4 e6 3. Nc3 Be7 4. cxd5 exd5 5. Nf3 Nf6 6. Bg5 h6 7. Bh4 Bf5 8. Qb3 Nbd7 9. Nxd5 Be6 10. Nxf6+ Nxf6 11. Qd3 0-0 12. e3 Bd5 13. Be2 Bb4+ 14. Kf1 g5 15. Nxg5 hxg5 16. Bxg5 Bxg2+ 17. Kxg2 Qd5+ 18. Bf3 Qxg5+ 19. Kf1 Kh8 20. Rg1 Qh6 21. Qf5 c6 22. Rg3 Nh7 23. Rh3 Qg6 24. Be4 Rg8 25. Rxh7+ 1-0